[Event "Borshomi cf (Women)"]
[Site "Borshomi"]
[Date "1990.??.??"]
[Round "6"]
[White "Akhmilovskaya, Elena"]
[Black "Gaprindashvili, Nona"]
[Result "0-1"]
[WhiteElo "2430"]
[BlackElo "2435"]

1.d4 g6 2.c4 Bg7 3.Nc3 d6 4.e4 Nd7 5.Nf3 e5 6.Be2 c6 7.O-O f6 8.b4 Nh6 9.dxe5 dxe5
10.c5 Nf7 11.Be3 Qe7 12.Nd2 O-O 13.Nc4 f5 14.Qb3 f4 15.Bc1 Nf6 16.f3 Be6
17.Qc2 g5 18.Bb2 g4 19.fxg4 Nxg4 20.Bxg4 Bxg4 21.Nd1 Kh8 22.Nf2 Bh5 23.Nd3 Rg8
24.Kh1 Rad8 25.a3 Rd7 26.Ne1 Ng5 27.Nd6 Qe6 28.Nf3 Nxf3 29.gxf3 Bf6 30.Nf5 Rgd8
31.Rf2 Rd3 32.Raf1 Rb3 33.Nd6 b5 34.Bc3 Rxa3 35.Bb2 Ra4 36.Rg1 Rd7 37.Qe2 Ra2  0-1

[Event "Borshomi cf (Women)"]
[Site "Borshomi"]
[Date "1990.??.??"]
[Round "7"]
[White "Gaprindashvili, Nona"]
[Black "Maric, Alisa"]
[Result "0-1"]
[WhiteElo "2435"]
[BlackElo "2305"]

1.g3 d5 2.Bg2 c5 3.d3 Nc6 4.Nd2 e5 5.e4 dxe4 6.Nh3 Bd6 7.O-O Nge7 8.c4 Qc7
9.a3 O-O 10.Kh1 Bd7 11.Rb1 Rae8 12.Ng1 b6 13.Ndf3 Ng6 14.Qe2 a5 15.b3 Qc8
16.Nd2 Kh8 17.Re1 Nge7 18.Qf1 Ng8 19.Bh3 Bc7 20.Qg2 Be6 21.Ndf3 Bd8 22.Ng5 Bxg5
23.Bxg5 Qc7 24.Bd2 Nge7 25.Nf3 Qd7 26.Ng5 Bxh3 27.Qxh3 Qxh3 28.Nxh3 Ra8 29.f4 f6
30.Kg2 g6 31.Rb2 Kg7 32.Rbb1 Ra7 33.Nf2 Raa8 34.Rf1 Ng8 35.Ng4 Ra7 36.h3 Re8
37.b4 axb4 38.axb4 Raa8 39.bxc5 bxc5 40.Rb5 Ra3 41.Nf2 Ra2 42.Rxc5 Nge7 43.Rd1 Rea8
44.Rb5 Rc2 45.Be1 Raa2 46.h4 h5 47.Kf1 Kf7 48.Rbb1 exf4 49.gxf4 Nd8 50.Ra1 Rxa1
51.Rxa1 Ne6 52.Ra7 Nxf4 53.Rd7 Ke6 54.Rb7 Nc6 55.Rb6 Kd7 56.Rb7+ Kd6 57.Rb1 Kc7
58.Rd1 Ne5 59.Bd2 Ne6 60.Kg2 g5 61.Kg3 gxh4+ 62.Kg2 Ng4 63.Kf1 Ng5 64.Ke2 h3
65.Rf1 h2 66.Nh1 Nh3 67.Rf5 Ra2 68.Ra5 Ng1+ 69.Kd1 Ne3+ 70.Bxe3 Rxa5 71.Bd4 Ra2
72.Bxf6 Nf3  0-1

[Event "GEO-ch (Women)"]
[Site "?"]
[Date "1990.??.??"]
[Round "1"]
[White "Gaprindashvili, Nona"]
[Black "Lanchava, Tea"]
[Result "1/2-1/2"]
[WhiteElo "2435"]
[BlackElo "2060"]

1.e4 e5 2.Nf3 Nc6 3.Bb5 a6 4.Bxc6 dxc6 5.d4 exd4 6.Qxd4 Bg4 7.Qc3 Qf6 8.Ne5 Be6
9.Nd2 Ne7 10.Ndf3 h6 11.Be3 O-O-O 12.O-O Ng6 13.Bd4 Nxe5 14.Nxe5 Qe7 15.Nd3 f6
16.a4 c5 17.Be3  1/2-1/2

[Event "GEO-ch (Women)"]
[Site "?"]
[Date "1990.??.??"]
[Round "3"]
[White "Gaprindashvili, Nona"]
[Black "Ioseliani, Nana"]
[Result "1-0"]
[WhiteElo "2435"]
[BlackElo "2475"]

1.d4 Nf6 2.c4 g6 3.Nc3 Bg7 4.e4 d6 5.Be2 O-O 6.Bg5 h6 7.Be3 e5 8.d5 c6 9.Qd2 h5
10.h3 b5 11.cxb5 cxd5 12.exd5 a6 13.Nf3 Bb7 14.O-O axb5 15.Bxb5 Qa5 16.a4 Rc8
17.Rfd1 Na6 18.Ng5 Nb4 19.Nge4 Nxe4 20.Nxe4 Rc2 21.Qe1 Nxd5 22.Qxa5 Rxa5
23.Bd2 Ra7 24.Nxd6 Ba8 25.Rac1 Rac7 26.Nc4 Rxc1 27.Rxc1 Nf4 28.Ne3 Rxc1+
29.Bxc1 e4 30.b3 Nd3 31.Bd2 Bd4 32.Kf1 f5 33.Bc4+ Kf8 34.Nd1 Ne5 35.Bb4+ Kg7
36.Bc3 Bxc3 37.Nxc3 Nxc4 38.bxc4 Kf6 39.h4 Ke6 40.Ke2 Kd6 41.Ke3 Kc5 42.Nd5 Bc6
43.a5 Kxc4 44.Ne7  1-0

[Event "GEO-ch (Women)"]
[Site "?"]
[Date "1990.??.??"]
[Round "4"]
[White "Khugashvili, Tamara"]
[Black "Gaprindashvili, Nona"]
[Result "0-1"]
[WhiteElo "2230"]
[BlackElo "2435"]

1.e4 c6 2.d3 d5 3.Nd2 g6 4.Ngf3 Bg7 5.c3 e5 6.Be2 Ne7 7.h4 h6 8.h5 g5 9.Nh2 f5
10.exf5 Bxf5 11.Ndf1 Nd7 12.Ng3 Bh7 13.Ng4 Qc7 14.d4 exd4 15.cxd4 Qb6 16.Be3 Qb4+
17.Qd2 Qxd2+ 18.Bxd2 Bxd4 19.O-O-O Nf5 20.Nxf5 Bxf5 21.f4 gxf4 22.Bxf4 Bg7
23.Rhf1 Be4 24.Nf2 Bxg2 25.Rg1 O-O 26.Nd3 Be4 27.Bxh6 Rf7 28.Be3 Kh7 29.Rg3 Bh6
30.Bxh6 Kxh6 31.Rdg1 Re8 32.Kd2 c5 33.Bg4 Bxd3 34.Bxd7 Rxd7 35.Kxd3 Re5 36.Rg6+ Kh7
37.h6 Rde7 38.R1g3 Re3+  0-1

[Event "GEO-ch (Women)"]
[Site "?"]
[Date "1990.??.??"]
[Round "5"]
[White "Gaprindashvili, Nona"]
[Black "Gurieli, Nino"]
[Result "1/2-1/2"]
[WhiteElo "2435"]
[BlackElo "2340"]

1.d4 Nf6 2.c4 e5 3.dxe5 Ng4 4.e3 Nxe5 5.Nh3 Bb4+ 6.Bd2 Bxd2+ 7.Qxd2 O-O 8.Nf4 d6
9.Be2 Nbd7 10.Nc3 a5 11.b3 Nc5 12.O-O Re8 13.Rad1 Bd7 14.f3 Ng6 15.e4 Nxf4
16.Qxf4 Bc6 17.Rd2 h6 18.Nd5 Bxd5 19.Rxd5 Qb8 20.Rfd1 Qa7 21.Kh1 Re7 22.Qe3 Qb6
23.Qd2 Qb4 24.g3 Rae8 25.Bd3 Qxd2 26.Rxd2 b6 27.Bc2 g6 28.Kg2 Kg7 29.h4 f6
30.h5 g5 31.Kh3 Nd7 32.Rf2 Re5 33.f4 Rxd5 34.exd5 Re3 35.Kg4 Re7 36.Kf3 Nc5
37.a3 Re1 38.Re2 Rxe2 39.Kxe2 gxf4 40.gxf4 Na6 41.Kd2 Kf7 42.Kc3 Ke7 43.Bf5 Nc5
44.b4 axb4+ 45.axb4 Na6 46.Bc8 Nb8 47.Kd4 Kd8 48.Bh3 Na6 49.Kc3 Ke7 50.Kb3 Nb8
51.Ka4 Kd8 52.Kb5 Ke7 53.Bf5 Kd8 54.Bd3 Ke7 55.c5 bxc5 56.bxc5 Nd7 57.c6 Nc5
58.Bc2 Kf7 59.Kc4 Ke7 60.Kd4 Kf7 61.Ke3 Kg7 62.Kf3  1/2-1/2

[Event "GEO-ch (Women)"]
[Site "?"]
[Date "1990.??.??"]
[Round "6"]
[White "Gaprindashvili, Nona"]
[Black "Sadunishvili, Lia"]
[Result "1-0"]
[WhiteElo "2435"]
[BlackElo "2150"]

1.d4 Nf6 2.c4 e6 3.Nc3 d5 4.cxd5 exd5 5.Bg5 c6 6.e3 Be7 7.Qc2 Nbd7 8.Bd3 O-O
9.Nf3 Re8 10.h3 Nf8 11.Bf4 Be6 12.O-O Rc8 13.a3 c5 14.dxc5 Bxc5 15.Rad1 Qe7
16.Nd4 Red8 17.Bg5 h6 18.Bh4 N8d7 19.Nf5 Qf8 20.Bb5 g6 21.Nd4 Kg7 22.Bxd7 Rxd7
23.Qa4 g5 24.Bg3 a6 25.Be5 Qd8 26.f4 Bd6 27.Nxe6+ fxe6 28.Bxf6+ Kxf6 29.fxg5+  1-0

[Event "GEO-ch (Women)"]
[Site "?"]
[Date "1990.??.??"]
[Round "7"]
[White "Nikoladze, Sofia"]
[Black "Gaprindashvili, Nona"]
[Result "1-0"]
[WhiteElo "2125"]
[BlackElo "2435"]

1.d4 g6 2.Nf3 Bg7 3.g3 d6 4.Bg2 Nd7 5.c4 e5 6.Nc3 c6 7.O-O Nh6 8.Ne4 Nf5
9.g4 d5 10.cxd5 cxd5 11.Nxe5 dxe4 12.gxf5 Nxe5 13.f6 Qxf6 14.dxe5 Qxe5 15.Qa4+ Bd7
16.Qxe4 Qxe4 17.Bxe4 O-O 18.Bf4 Rac8 19.Rac1 Bxb2 20.Rxc8 Rxc8 21.Bxb7 Rc4
22.e3 Be6 23.Rd1 Ra4 24.Bh6 f5 25.Bc6 Rxa2 26.Rd8+ Kf7 27.Rb8 Bc4 28.Kg2 Be5
29.Rb4 Bxh2  1-0

[Event "GEO-ch (Women)"]
[Site "?"]
[Date "1990.??.??"]
[Round "8"]
[White "Gaprindashvili, Nona"]
[Black "Melashvili, Ketevan"]
[Result "1/2-1/2"]
[WhiteElo "2435"]
[BlackElo "2120"]

1.d4 Nf6 2.c4 e6 3.Nf3 b6 4.Nc3 Bb7 5.a3 Be7 6.d5 O-O 7.g3 d6 8.Bg2 e5 9.O-O a5
10.Ne1 Nbd7 11.Rb1 Ba6 12.b3 Ne8 13.e4 Bf6 14.Nc2 g6 15.Ne3 Bg7 16.Bd2 Bc8
17.Qc2 Nc5 18.b4 Nb7 19.Rbe1 Qe7 20.Kh1 Bd7 21.Re2 Nf6 22.f4 Ng4 23.f5 Nxe3
24.Bxe3 f6 25.h4 axb4 26.axb4 Ra7 27.Bh3 Nd8 28.Ref2 Nb7 29.Kh2 Ra3 30.Bc1 Ra7
31.Qe2 Nd8 32.fxg6 hxg6 33.h5 Bxh3 34.Kxh3 g5 35.Qg4 Nf7 36.Qe6 c5 37.Nb5 Rb7
38.h6 Qxe6+ 39.dxe6 Nxh6 40.Nxd6 Re7 41.bxc5 bxc5 42.Be3 Rxe6 43.Bxc5 Rd8
44.Rd1 Bf8 45.Rfd2 Rd7 46.Bb4 Rh7 47.Kg2 Nf7 48.c5 Nd8 49.Ra1 Nc6 50.Ra4 Nxb4
51.Rxb4 Bxd6 52.cxd6 Rd7 53.Kf3 Kf7 54.Kg4 Kg6 55.Rb6 Rd8 56.Rc6 Rd7 57.Rd5 Rd8
58.Ra6 Rd7 59.Rb6 Rd8 60.Rd2 Rd7 61.Rd1 Rd8 62.Rd5 Rd7 63.Rc6 Rd8 64.Kf3 Rd7
65.Rd2 Kf7  1/2-1/2

[Event "GEO-ch (Women)"]
[Site "?"]
[Date "1990.??.??"]
[Round "9"]
[White "Kachiani Gersinska, Ketino"]
[Black "Gaprindashvili, Nona"]
[Result "1-0"]
[WhiteElo "2365"]
[BlackElo "2435"]

1.d4 Nf6 2.c4 e6 3.g3 d5 4.Nf3 g6 5.Bg2 Bg7 6.O-O O-O 7.Nbd2 Na6 8.b3 c5
9.Bb2 Ne4 10.cxd5 exd5 11.Qc1 Bh6 12.dxc5 Naxc5 13.Qc2 Bf5 14.Nxe4 Nxe4 15.Qd1 Be6
16.Nd4 Bd7 17.e3 Bg7 18.Qd3 Re8 19.Rac1 Qa5 20.a3 Qb6 21.Rfe1 h5 22.h4 Be5
23.Re2 Qf6 24.Rec2 Rac8 25.Qe2 Rxc2 26.Rxc2 a6 27.Qd1 Kh7 28.Qc1 Rc8 29.Bxe4 Rxc2
30.Bxc2 Bh3 31.Qd1 Bg4 32.Qd3 Kg7 33.f4 Bd6  1-0

[Event "GEO-ch (Women)"]
[Site "?"]
[Date "1990.??.??"]
[Round "10"]
[White "Gaprindashvili, Nona"]
[Black "Kobaidze, Tsiuri"]
[Result "1-0"]
[WhiteElo "2435"]
[BlackElo "2110"]

1.d4 f5 2.Nf3 Nf6 3.g3 e6 4.Bg2 d5 5.O-O Be7 6.c4 c6 7.b3 O-O 8.Ba3 Ne4 9.Qc1 Nd7
10.e3 Ndf6 11.Ne5 Qe8 12.Bxe7 Qxe7 13.f3 Nd6 14.Qa3 Qc7 15.Nd2 Nf7 16.Nxf7 Rxf7
17.Qb2 Re7 18.e4 Bd7 19.Rae1 Rae8 20.e5 Nh5 21.f4 g6 22.Qc3 Bc8 23.Rc1 Qd8
24.b4 Ng7 25.b5 Rf8 26.a4 a6 27.cxd5 cxd5 28.bxa6 bxa6 29.Nb3 Ra7 30.Nc5 a5
31.Rf2 Ba6 32.Bf1 Bxf1 33.Rcxf1 g5 34.Rb1 gxf4 35.Rxf4 Qg5 36.Qf3 Qd8 37.Rh4 Qe8
38.Qf4 Qg6 39.Rh6 Qg4 40.Rf1 Qxf4 41.Rxf4 Re7 42.Rfh4 Rb8 43.Rxh7 Ree8 44.R4h6  1-0

[Event "GEO-ch (Women)"]
[Site "?"]
[Date "1990.??.??"]
[Round "11"]
[White "Alexandria, Nana"]
[Black "Gaprindashvili, Nona"]
[Result "0-1"]
[WhiteElo "2360"]
[BlackElo "2435"]

1.d4 g6 2.e4 c6 3.c4 d6 4.Nc3 Bg7 5.Be2 Nd7 6.f4 e5 7.fxe5 dxe5 8.d5 Ngf6
9.Be3 O-O 10.Nh3 c5 11.Qd2 Ne8 12.d6 b6 13.O-O-O Ndf6 14.Nf2 Be6 15.g4 Qd7
16.g5 Nh5 17.Bxh5 gxh5 18.Qe2 Rd8 19.b3 f5 20.exf5 Bxf5 21.Qxh5 Qe6 22.Nce4 Nxd6
23.Nf6+ Kh8 24.Qe2 e4 25.Rd5 Nf7 26.Rhd1 Rxd5 27.Rxd5 Ne5 28.h4 Nd3+ 29.Nxd3 exd3
30.Qf3 Bxf6 31.gxf6 Qxf6 32.Bf4 Qc3+ 33.Kd1 Qc2+ 34.Ke1 Re8+ 35.Kf1 Qb1+
36.Kf2 Re2+ 37.Qxe2 dxe2 38.Kxe2 Qe4+ 39.Be3 Bg4+ 40.Kd2 Kg7 41.Rg5+ Kf7
42.h5 Bf5 43.Rg3  0-1

[Event "GEO-ch (Women)"]
[Site "?"]
[Date "1990.??.??"]
[Round "13"]
[White "Kasoshvili, Tsiala"]
[Black "Gaprindashvili, Nona"]
[Result "0-1"]
[WhiteElo "2165"]
[BlackElo "2435"]

1.d4 g6 2.Nf3 Bg7 3.g3 d6 4.c4 Nd7 5.Bg2 e5 6.dxe5 dxe5 7.Nc3 Ne7 8.O-O O-O
9.e4 Nc5 10.Be3 Ne6 11.Nd5 c6 12.Nxe7+ Qxe7 13.Qc1 Rd8 14.Rd1 Rxd1+ 15.Qxd1 b6
16.Rc1 c5 17.Qc2 Bb7 18.Rd1 Nd4 19.Nxd4 exd4 20.Bd2 Re8 21.Re1 Qd7 22.Qd3 Bc6
23.b3 Qb7 24.f3 b5 25.Rc1 Bf8 26.Bf1 b4 27.Bg2 a5 28.Kf2 a4 29.Bf1 axb3 30.axb3 Ra8
31.Be2 Ra2 32.Rc2 Ra3 33.Rc1 Qc8 34.Kg2 Qe6 35.Bd1 Bd7 36.Bc2 Bd6 37.Kg1 Ra2
38.Re1 Qh3 39.Bd1 Bxg3 40.hxg3 Qxg3+ 41.Kh1 Qf2 42.Bc2 Qh4+ 43.Kg1 Bh3 44.Qe2 Qg3+
45.Kh1 Rxc2 46.Rg1 Qh4 47.Qh2 Rxd2 48.Qxd2 Bg4+ 49.Kg2 Qh3+ 50.Kf2 Qxf3+
51.Ke1 Qxe4+ 52.Kf2 Qf3+ 53.Ke1 h5 54.Qg2 Qe3+ 55.Kf1 d3  0-1

[Event "Kuala Lumpur Interzonal (Women)"]
[Site "Kuala Lumpur"]
[Date "1990.??.??"]
[Round "1"]
[White "Alexandria, Nana"]
[Black "Gaprindashvili, Nona"]
[Result "0-1"]
[WhiteElo "2360"]
[BlackElo "2435"]

1.d4 g6 2.c4 Bg7 3.Nc3 d6 4.e4 Nd7 5.Nf3 e5 6.Be2 c6 7.O-O Qe7 8.Re1 Nh6
9.Bf1 O-O 10.Rb1 Re8 11.d5 c5 12.Nb5 Rf8 13.a3 a6 14.Nc3 f5 15.Ng5 Nf6 16.b4 cxb4
17.axb4 Nxe4 18.Ncxe4 fxe4 19.Nxe4 Bf5 20.Bg5 Qd7 21.Bd3 Rac8 22.Rc1 Bxe4
23.Bxe4 Nf5 24.c5 Nd4 25.Qd3 a5 26.c6 Qf7 27.b5 bxc6 28.bxc6 Qxf2+ 29.Kh1 Qf7
30.Rf1 Qa7 31.Rxf8+ Rxf8 32.c7 Rc8 33.Bd8 a4 34.h4 Nb3 35.Rf1 Rxc7 36.Bxc7 Qxc7
37.Qb5 Qd8 38.g3 Nc5 39.Bc2 e4 40.Qb4 Be5 41.Kg2 Qa8 42.Bb1 Kg7 43.Qb6 Qxd5
44.Qc7+ Kh6 45.Rf7 Kh5 46.Rf5+ Kh6 47.Rf7 e3+ 48.Kh2 Kh5 49.Qe7 Ne6 50.Rf1 Kg4
51.Qxh7 Bxg3+ 52.Kg1 Bf2+ 53.Kh2 Qe5+ 54.Kh1 Kh3  0-1

[Event "Kuala Lumpur Interzonal (Women)"]
[Site "Kuala Lumpur"]
[Date "1990.??.??"]
[Round "5"]
[White "Gaprindashvili, Nona"]
[Black "Zayac, Elena"]
[Result "1-0"]
[WhiteElo "2435"]
[BlackElo "2305"]

1.d4 Nf6 2.c4 e6 3.Nc3 Bb4 4.Nf3 c5 5.g3 cxd4 6.Nxd4 Ne4 7.Qd3 Bxc3+ 8.bxc3 Nc5
9.Qd2 b6 10.Nb5 O-O 11.Nd6 Bb7 12.f3 Bc6 13.Ba3 Nba6 14.Bg2 f5 15.O-O Qe7
16.Rad1 Nc7 17.Qe3 Ne8 18.Bxc5 bxc5 19.Qxc5 Ba4 20.Rd4 Nxd6 21.Qa3 Nc8 22.Qxa4 Nb6
23.Qb4 Qf6 24.f4 Rab8 25.Qa5 d6 26.Qxa7 e5 27.fxe5 dxe5 28.Rd3 Rbc8 29.c5 Rxc5
30.Rb1 e4 31.Rxb6 Qe5 32.Rd7 Qxc3 33.Bf1 Ra5 34.Rxg7+ Qxg7 35.Qxa5 Qd4+ 36.Kg2 f4
37.Qb4 f3+ 38.exf3 exf3+ 39.Kh3 Qe5 40.Bc4+ Kh8 41.Qb2  1-0

[Event "Kuala Lumpur Interzonal (Women)"]
[Site "Kuala Lumpur"]
[Date "1990.??.??"]
[Round "6"]
[White "Starr, Nava"]
[Black "Gaprindashvili, Nona"]
[Result "0-1"]
[WhiteElo "2220"]
[BlackElo "2435"]

1.Nf3 g6 2.g3 Bg7 3.Bg2 e5 4.d3 Ne7 5.O-O O-O 6.c4 c6 7.Nc3 d5 8.cxd5 cxd5
9.Qb3 Nbc6 10.Bg5 f6 11.Bd2 Kh8 12.Rfd1 b6 13.Rac1 Bb7 14.Ne1 Nd4 15.Qa3 Qd7
16.Nc2 Ne6 17.Bh3 f5 18.Bg2 d4 19.Nb1 Bxg2 20.Kxg2 a5 21.Ne1 b5 22.b3 Nd5
23.Rc2 b4 24.Qc1 Nc3 25.Nxc3 dxc3 26.Bh6 Nd4 27.Bxg7+ Kxg7 28.Nf3 Qd5 29.Kg1 Nxc2
30.Qxc2 Rac8 31.Ra1 e4 32.Ne1 Rfe8 33.a3 Qd4 34.axb4 axb4 35.Kf1 Ra8 36.Rxa8 Rxa8
37.Qc1 exd3 38.Nxd3 Qd5 39.f3 Qxb3 40.Qg5 Re8 41.Nf4 Qd1+ 42.Kf2 Qd4+ 43.Kf1 c2  0-1

[Event "Kuala Lumpur Interzonal (Women)"]
[Site "Kuala Lumpur"]
[Date "1990.??.??"]
[Round "7"]
[White "Forbes, Cathy"]
[Black "Gaprindashvili, Nona"]
[Result "0-1"]
[WhiteElo "2075"]
[BlackElo "2435"]

1.d4 g6 2.Nf3 Bg7 3.Nc3 c6 4.e4 d5 5.h3 Nh6 6.Bf4 f6 7.Qd2 Nf7 8.exd5 cxd5
9.Bb5+ Nc6 10.O-O O-O 11.Rfe1 Re8 12.Re2 e6 13.Rae1 a6 14.Bxc6 bxc6 15.Na4 Bf8
16.a3 a5 17.Qc3 Bd7 18.Nc5 Qc8 19.b4 axb4 20.axb4 Nd6 21.Nd2 Nb5 22.Qb2 Bxc5
23.bxc5 Ra4 24.c3 Qa6 25.Nf3 Ra3 26.Re3 Ra2 27.Qc1 Na3 28.Rd1 Nc4 29.Ree1 Qa3
30.Qb1 Ra8 31.Qb7 Qb2 32.Qxb2 Nxb2 33.Rb1 Nd3 34.Rf1 Nxf4 35.Rb7 R8a7 36.Rfb1 Ne2+
37.Kh2 Nxc3 38.Rb8+ Kg7  0-1

[Event "Kuala Lumpur Interzonal (Women)"]
[Site "Kuala Lumpur"]
[Date "1990.??.??"]
[Round "8"]
[White "Gaprindashvili, Nona"]
[Black "Sziva, Erika"]
[Result "1-0"]
[WhiteElo "2435"]
[BlackElo "2250"]

1.d4 Nf6 2.c4 c5 3.d5 b5 4.Nf3 b4 5.g3 d6 6.Bg2 g6 7.a3 Bg7 8.axb4 cxb4 9.Qa4+ Nfd7
10.Qxb4 Na6 11.Qa3 Rb8 12.O-O Ndc5 13.Nbd2 Qb6 14.Qe3 Rb7 15.Nd4 O-O 16.Nc6 Re8
17.Ra5 Nb3 18.Qxb6 Rxb6 19.Nxb3 Rxb3 20.Nxa7 Nc5 21.Rb5 Ba6 22.Rxb3 Nxb3
23.Nc6 Bxc4 24.Bg5 f6 25.Bf4 f5 26.Re1 Bxb2 27.e4 e5 28.dxe6 Rxe6 29.Nd8 Re8
30.Nb7 d5 31.Rb1 Bd4 32.exd5 Bd3 33.Rd1 Bc2 34.Rf1 Bd3 35.d6 Bxf1 36.d7 Rf8
37.Bd5+ Kg7 38.Kxf1 Bf6 39.Bxb3 h6 40.Bc7  1-0

[Event "Kuala Lumpur Interzonal (Women)"]
[Site "Kuala Lumpur"]
[Date "1990.??.??"]
[Round "9"]
[White "Gaprindashvili, Nona"]
[Black "Makropoulou, Marina"]
[Result "0-1"]
[WhiteElo "2435"]
[BlackElo "2230"]

1.d4 Nf6 2.c4 g6 3.Nc3 Bg7 4.e4 d6 5.Be2 O-O 6.Bg5 Na6 7.Qd2 e5 8.d5 c6 9.f3 cxd5
10.cxd5 Bd7 11.h4 Qe8 12.g4 h5 13.Bxf6 Bxf6 14.gxh5 Kg7 15.O-O-O Rh8 16.hxg6 fxg6
17.h5 b5 18.h6+ Kh7 19.Nh3 Bxh3 20.Rxh3 Qc8 21.Rg3 b4 22.Bxa6 Qxa6 23.Ne2 Qxa2
24.Qxb4 Rab8 25.Qa3 Rhc8+ 26.Nc3 Qxa3  0-1

[Event "Kuala Lumpur Interzonal (Women)"]
[Site "Kuala Lumpur"]
[Date "1990.??.??"]
[Round "11"]
[White "Gaprindashvili, Nona"]
[Black "Xie Jun"]
[Result "1-0"]
[WhiteElo "2435"]
[BlackElo "2360"]

1.d4 Nf6 2.c4 g6 3.Nc3 Bg7 4.e4 d6 5.Be2 O-O 6.Bg5 Nbd7 7.Qd2 c6 8.f3 a6
9.Nh3 b5 10.Nf2 bxc4 11.Bxc4 d5 12.Be2 dxe4 13.fxe4 e5 14.d5 Bb7 15.d6 Nc5
16.Bc4 Qd7 17.Be3 Ne6 18.Na4 Rad8 19.Bxe6 Qxe6 20.Nc5 Qc8 21.O-O-O Nd7 22.Nfd3 Nb8
23.Kb1 Ba8 24.Nc1 f6 25.d7 Qc7 26.Ne6 Qb7 27.Nxd8 Rxd8 28.Nb3 c5 29.Nxc5 Qb5
30.Qd6 Kh8 31.Qc7  1-0

[Event "Kuala Lumpur Interzonal (Women)"]
[Site "Kuala Lumpur"]
[Date "1990.??.??"]
[Round "12"]
[White "Wagner Michel, Annett"]
[Black "Gaprindashvili, Nona"]
[Result "0-1"]
[WhiteElo "2260"]
[BlackElo "2435"]

1.e4 b6 2.d4 Bb7 3.Bd3 e6 4.Nf3 d6 5.O-O Nd7 6.Re1 g6 7.Bf4 Bg7 8.Nbd2 Ne7
9.c3 O-O 10.Qe2 a6 11.Rad1 e5 12.dxe5 dxe5 13.Bg3 Qc8 14.Nc4 f6 15.a4 Nc5
16.Bc2 Bc6 17.a5 b5 18.Ncd2 Kh8 19.b4 Na4 20.Bxa4 bxa4 21.Qc4 Qb7 22.Qc5 Nc8
23.Bxe5 fxe5 24.Nxe5 Be8 25.Ndf3 Nd6 26.Ng5 Qa7 27.Ne6 Qxc5 28.bxc5 Nb7 29.Nxf8 Bxe5
30.Nd7 Bxc3 31.Re3 Bb2 32.e5 a3 33.c6 Nxa5 34.e6 Nxc6 35.Rb3 Rd8 36.Kf1 Nd4
37.Nf6 Nxe6 38.Rxd8 Nxd8  0-1

[Event "Kuala Lumpur Interzonal (Women)"]
[Site "Kuala Lumpur"]
[Date "1990.??.??"]
[Round "13"]
[White "Maric, Alisa"]
[Black "Gaprindashvili, Nona"]
[Result "1/2-1/2"]
[WhiteElo "2305"]
[BlackElo "2435"]

1.d4 g6 2.c4 Bg7 3.Nc3 d6 4.Nf3 Nd7 5.e4 e5 6.Be2 c6 7.O-O Qe7 8.Re1 Nh6
9.Bf1 O-O 10.Rb1 f6 11.b3 Nf7 12.Ba3 Re8 13.Qc2 Qd8 14.Red1 Qc7 15.d5 c5
16.b4 a6 17.Ne1 Bf8 18.g3 Rb8 19.Qa4 Qd8 20.Nd3 b5 21.cxb5 axb5 22.Nxb5 Nb6
23.Qc2 c4 24.Ne1 Bd7 25.Nc3 f5 26.f3 fxe4 27.fxe4 Ng5 28.Bc1 Nh3+ 29.Bxh3 Bxh3
30.Be3 Bg7 31.Rd2 Rf8 32.Rf2 Rxf2 33.Qxf2 Nd7 34.Ng2 Nf6 35.Bg5 h6 36.Bxf6 Bxf6
37.b5 Bg5 38.b6 Rb7 39.a4 Qa8 40.Qe2 Qa6 41.Qf2 Bd8 42.Kh1 Rf7 43.Qg1 Kg7
44.Ne3 Rb7 45.g4 Bxb6 46.Rxb6 Qxb6 47.Qg3 Qd4 48.Qxh3 Rb3 49.g5 hxg5 50.Qd7+ Kg8  1/2-1/2

[Event "Kuala Lumpur Interzonal (Women)"]
[Site "Kuala Lumpur"]
[Date "1990.??.??"]
[Round "17"]
[White "Gaprindashvili, Nona"]
[Black "Hoiberg, Nina"]
[Result "1-0"]
[WhiteElo "2435"]
[BlackElo "2275"]

1.d4 d6 2.c4 e5 3.Nf3 e4 4.Ng5 f5 5.Nh3 c6 6.Nc3 Na6 7.Nf4 Nc7 8.e3 Nf6 9.d5 c5
10.h4 Be7 11.h5 Ng4 12.Be2 Ne5 13.Bd2 Bd7 14.Qc2 Bg5 15.a3 b6 16.b4 a6 17.Rb1 Rb8
18.O-O O-O 19.a4 Qf6 20.bxc5 bxc5 21.a5 Qh6 22.Rxb8 Rxb8 23.Rb1 Rf8 24.Rb6 Bd8
25.Qb3 Nf7 26.Rb8 g5 27.hxg6 hxg6 28.Qb7 g5 29.Nh5 g4 30.Ng3 Qf6 31.Qa7 Qe7
32.Nd1 Ne5 33.Bc3 Ng6 34.Nh5 Be8 35.Rc8 Ne5 36.Nf4 Rf6 37.Qb8 Nf3+ 38.Bxf3 Rh6
39.Rxd8 gxf3 40.Rc8 Rh7 41.Rxc7  1-0

[Event "Pula op"]
[Site "Pula"]
[Date "1990.??.??"]
[Round "2"]
[White "Kolar, Jelena"]
[Black "Gaprindashvili, Nona"]
[Result "0-1"]
[WhiteElo "2090"]
[BlackElo "2435"]

1.e4 c6 2.d4 g6 3.Nf3 Bg7 4.h3 d5 5.Nc3 Nh6 6.Be2 f6 7.O-O Nf7 8.Re1 O-O
9.Bf1 e6 10.a4 b6 11.Rb1 Re8 12.b4 Bb7 13.b5 Nd7 14.bxc6 Bxc6 15.exd5 exd5
16.Rxe8+ Qxe8 17.Ba3 Bf8 18.Bxf8 Nxf8 19.Nb5 Qd7 20.c4 Ne6 21.Qb3 Rd8 22.Re1 Nf4
23.Qe3 g5 24.Qe7 dxc4 25.Bxc4 Bd5 26.Bxd5 Nxd5 27.Qa3 Rc8 28.Qa2 a6 29.Na3 Qc6
30.Qe2 Qxa4 31.Qe6 Qc6 32.Qf5 Kg7 33.Kh2 Rc7 34.h4 Nd6 35.Qg4 Qd7 36.Qh5 Nf4  0-1

[Event "Pula op"]
[Site "Pula"]
[Date "1990.??.??"]
[Round "4"]
[White "Zmijanac, Dusko"]
[Black "Gaprindashvili, Nona"]
[Result "0-1"]
[WhiteElo "2270"]
[BlackElo "2435"]

1.d4 g6 2.c4 Bg7 3.Nc3 d6 4.e4 Nd7 5.Be3 e5 6.Qd2 Ne7 7.f3 f5 8.h4 f4 9.Bf2 exd4
10.Bxd4 Bxd4 11.Qxd4 O-O 12.h5 g5 13.Nh3 h6 14.O-O-O Nc6 15.Qf2 Nce5 16.Kb1 Nc5
17.Be2 Be6 18.Rd4 Qe7 19.g3 fxg3 20.Qxg3 Bxh3 21.Qxh3 Ne6 22.Nd5 Qf7 23.Rdd1 Nf4
24.Nxf4 Qxf4 25.c5 Rf6 26.cxd6 cxd6 27.Rc1 Nxf3 28.Rc8+ Rxc8 29.Qxc8+ Kg7
30.Qxb7+ Rf7 31.Qd5 Qxe4+ 32.Qxe4 Nd2+ 33.Kc2 Nxe4 34.Rd1 Rf2 35.Kd3 Ng3
36.Ke3 Rxe2+ 37.Kf3 Rxb2 38.Kxg3 Rxa2 39.Rxd6 Ra3+ 40.Kg4 Ra4+ 41.Kg3 Ra1
42.Rd7+ Kf6 43.Rd6+ Kf5 44.Rxh6 Ra3+ 45.Kf2 Kg4 46.Rh8 Ra2+ 47.Ke3 Kg3 48.Rg8 g4
49.h6 Rh2 50.Rg6 a5 51.Ke4 Rh5 52.Rc6 a4 53.Ra6 Kh2 54.Rxa4 g3 55.Ra2+ g2
56.Kf3 Rh3+ 57.Kg4 Rxh6  0-1

[Event "Pula op"]
[Site "Pula"]
[Date "1990.??.??"]
[Round "8"]
[White "Strikovic, Aleksa"]
[Black "Gaprindashvili, Nona"]
[Result "1-0"]
[WhiteElo "2465"]
[BlackElo "2435"]

1.e4 c6 2.d4 g6 3.Nc3 d5 4.h3 Bg7 5.Nf3 Nh6 6.Bd3 O-O 7.Qe2 f6 8.exd5 Nf7
9.dxc6 Nxc6 10.O-O f5 11.Be3 e6 12.Rad1 g5 13.Bc4 Na5 14.d5 e5 15.Bxg5 Nxg5
16.Nxg5 Qxg5 17.d6+ Nxc4 18.Qxc4+ Kh8 19.d7 e4 20.f4 Qd8 21.Qb5 Rf7 22.dxc8=Q Qxc8
23.Rd5 Bxc3 24.bxc3 Qxc3 25.Rxf5 Rxf5 26.Qxf5 Qd4+ 27.Kh1 e3 28.Qe6 Rf8 29.f5 Rf6
30.Qe8+ Kg7 31.Rf3 Kh6 32.Qe7 Qa1+ 33.Kh2 Qd4 34.c3 Qxc3 35.Rg3 Rxf5  1-0

[Event "Ter Apel"]
[Site "Ter Apel"]
[Date "1990.??.??"]
[Round "1"]
[White "Gaprindashvili, Nona"]
[Black "Pfleger, Helmut"]
[Result "0-1"]
[WhiteElo "2435"]
[BlackElo "2505"]

1.d4 d5 2.c4 e6 3.Nc3 Nf6 4.cxd5 exd5 5.Bg5 Be7 6.e3 c6 7.Bd3 Nbd7 8.Nf3 Ne4
9.Bxe4 Bxg5 10.Bd3 Be7 11.Qc2 Nf8 12.O-O Ng6 13.Rab1 a5 14.a3 Bd6 15.Ne2 Bg4
16.Ng3 Bxf3 17.gxf3 Qf6 18.f4 h5 19.Kh1 Ne7 20.Rg1 g6 21.Ne2 Kf8 22.Rg5 Rc8
23.Rbg1 h4 24.Qd2 b6 25.Qc2 Rd8 26.R1g4 Qe6 27.f5 gxf5 28.Bxf5 Qf6 29.Ng1 Rg8
30.Rxg8+ Nxg8 31.Rg2 c5 32.dxc5 bxc5 33.Bh3 Ne7 34.Qh7 Rb8 35.Rg4 Rxb2 36.f4 d4
37.Qe4 dxe3 38.Qxe3 Qd4 39.Qe1 Bxf4 40.Qxa5 Rxh2+  0-1

[Event "Ter Apel"]
[Site "Ter Apel"]
[Date "1990.??.??"]
[Round "3"]
[White "Gaprindashvili, Nona"]
[Black "Bagirov, Vladimir"]
[Result "1-0"]
[WhiteElo "2435"]
[BlackElo "2470"]

1.d4 d5 2.c4 e6 3.Nc3 c6 4.Nf3 dxc4 5.e4 b5 6.Bg5 Qb6 7.a4 Nd7 8.Be2 Ngf6
9.axb5 cxb5 10.d5 Bb4 11.Be3 Nc5 12.O-O O-O 13.Na2 Ba5 14.Nd4 Ncxe4 15.Nxe6 Qd6
16.Nxf8 Bc7 17.g3 Qxf8 18.Bf3 Bh3 19.Re1 a5 20.Bd4 Nc5 21.Nc3 Nd3 22.Nxb5 Nxe1
23.Qxe1 Re8 24.Qc3 Bd8 25.Qxc4 Ne4 26.Be3 Bf5 27.h4 h6 28.Kg2 Qe7 29.Nd4 Bg6
30.Nc6 Qd7 31.Nxd8 Qxd8 32.Bf4 Nd6 33.Qc5 Nf5 34.Qxa5 Qf6 35.h5 Bh7 36.Re1 Rd8
37.Qc7 Rf8  1-0

[Event "Ter Apel"]
[Site "Ter Apel"]
[Date "1990.??.??"]
[Round "5"]
[White "Uhlmann, Wolfgang"]
[Black "Gaprindashvili, Nona"]
[Result "1-0"]
[WhiteElo "2505"]
[BlackElo "2435"]

1.c4 g6 2.e4 Bg7 3.d4 d6 4.Nc3 Nd7 5.Be2 e5 6.Nf3 c6 7.O-O Qe7 8.Re1 Nh6
9.b3 O-O 10.Bb2 Re8 11.Qd2 f6 12.Ba3 Nf7 13.Rad1 Qd8 14.Qc2 Qa5 15.Qc1 Nf8
16.b4 Qc7 17.d5 a5 18.c5 axb4 19.Bxb4 dxc5 20.Bxc5 Qa5 21.Be3 Bd7 22.Nd2 cxd5
23.Nxd5 b5 24.Nb3 Qxa2 25.Nc5 Qa5 26.Nxd7 Nxd7 27.Nc7 Rac8 28.Rxd7 Red8 29.Red1 Bf8
30.Qc6 Rxd7 31.Rxd7 Nd8  1-0

[Event "Wuppertal (Women)"]
[Site "Wuppertal"]
[Date "1990.??.??"]
[Round "2"]
[White "Gaprindashvili, Nona"]
[Black "Heintze, Marion"]
[Result "1-0"]
[WhiteElo "2435"]
[BlackElo "2180"]

1.g3 d5 2.Bg2 e5 3.c3 Nf6 4.d4 e4 5.Nh3 Bd6 6.O-O O-O 7.f3 exf3 8.exf3 c6
9.Re1 Re8 10.Rxe8+ Qxe8 11.Nd2 Bf5 12.Nf1 Qc8 13.Nf2 Be6 14.Ne3 Nbd7 15.Qd3 Nf8
16.Bd2 Ne8 17.Re1 Nc7 18.b3 Qd8 19.f4 f6 20.c4 Qd7 21.c5 Be7 22.f5 Bf7 23.Bh3 Re8
24.b4 Bd8 25.a4 a6 26.Rb1 Qe7 27.Bf1 Nd7 28.Qc2 Nb8 29.Ned1 Qd7 30.Nc3 Be7
31.Bd3 Bf8 32.Rb2 Re7 33.Kg2 Re8 34.Qb1 Re7 35.Bf4 Qc8 36.Ra2 Qd8 37.b5 cxb5
38.axb5 axb5 39.Bxb5 Nc6 40.Bxc6 bxc6 41.Qb6 Qc8 42.Qxc6 Be8 43.Qb6 Bf7 44.Bd6 Rd7
45.Bxf8 Qxf8 46.Ra7 Qd8 47.c6 Ne8 48.cxd7  1-0